Estadísticas para Prueba de Lionel Messi

Haz click aquí para intentar la prueba.

Estadísticas generales

  • Esta prueba ha sido intentada 2.488 veces
  • La puntuación promedio es 14 de 17

Estadísticas de respuestas

PreguntaRespuesta% Correcto
¿De qué país viene?Argentina
100%
¿Por qué club jugaba desde 2004 hasta 2021?Barcelona
99%
¿Quién se suele considerar su gran rival?Cristiano Ronaldo
97%
¿Con qué exfutbolisa, quien murió en 2020, se suele comparar Messi?Diego Maradona
96%
¿Promocionó qué marca de zapatillas?Adidas
95%
¿Con qué dos delanteros del equipo anterior tuvo un total de 363 goles desde 2014 hasta 2017?
Neymar
94%
¿Qué premio ha ganado 7 veces, más que nadie?Balón de Oro
91%
¿Con qué dos delanteros del equipo anterior tuvo un total de 363 goles desde 2014 hasta 2017?Luis Suárez
90%
¿A qué club se unió en 2021?Paris Saint-Germain
90%
¿En qué ciudad nació?Rosario
86%
¿Qué condición medical tenía cuando era niño?
Deficiencia de la hormona de {crecimiento}
83%
¿Cómo se llama uno de sus hijos?Thiago | Mateo | Ciro
83%
¿En qué se escribió su primer contracto?Servilleta
74%
¿Qué compañero brasileño se hizo amigo con un joven Messi, llamándole hermano?
Ronaldinho
70%
¿En qué equipo local jugaba entre 1995 y 2000?Newell's {Old} {Boys}
67%
¿Por que crimen recibió una multa en 2016?Evasión fiscal
39%
¿Quién le puso el apodo "La Pulga Atómica"?Mario Alberto Kempes
7%

Distribución de puntuación

Porcentaje por número respondido

Porcentaje de gente con cada puntuación

Historial de tus puntuaciones

No has intentado esta prueba.